Southville International School and Colleges
Your cart is empty.
  • Cart
  • Lists
    Public lists Eva Luna New books Lux_list list_1
    Your lists Log in to create your own lists
  • Log in to your account
  • Your cookies
  • Search history
Southville International School and Colleges
  • Advanced search
  • Recent comments
  • Most popular
  • Libraries

Log in to your account

Log in with GOOGLE


If you do not have an external account, but do have a local account, you can still log in:

  1. Home
  2. MARC view: The business of tourism /
Normal view MARC view ISBD view

The business of tourism / (Record no. 276858)

[ view plain ]
MARC details
000 -LEADER
fixed length control field 01280cam a2200337 a 4500
001 - CONTROL NUMBER
control field 15578072
003 - CONTROL NUMBER IDENTIFIER
control field PILC
005 - DATE AND TIME OF LATEST TRANSACTION
control field 20160304091402.0
008 - FIXED-LENGTH DATA ELEMENTS--GENERAL INFORMATION
fixed length control field 090107s2009 enkab b 001 0 eng
010 ## - LIBRARY OF CONGRESS CONTROL NUMBER
LC control number 2009000482
020 ## - INTERNATIONAL STANDARD BOOK NUMBER
International Standard Book Number 9780273717102 (pbk. : alk. paper)
020 ## - INTERNATIONAL STANDARD BOOK NUMBER
International Standard Book Number 0273717103 (pbk. : alk. paper)
035 ## - SYSTEM CONTROL NUMBER
System control number (OCoLC)ocn298113120
040 ## - CATALOGING SOURCE
Original cataloging agency DLC
Transcribing agency DLC
Modifying agency YDXCP
-- BWK
-- BWKUK
-- BTCTA
-- DLC
050 00 - LIBRARY OF CONGRESS CALL NUMBER
Classification number G 155.A1
Item number .H647 2009
082 00 - DEWEY DECIMAL CLASSIFICATION NUMBER
Classification number 910.68
100 1# - MAIN ENTRY--PERSONAL NAME
Personal name Holloway, J. Christopher.
245 14 - TITLE STATEMENT
Title The business of tourism /
Statement of responsibility, etc J. Christopher Holloway ; with Claire Humphreys and Rob Davidson.
250 ## - EDITION STATEMENT
Edition statement 8th edition.
260 ## - PUBLICATION, DISTRIBUTION, ETC. (IMPRINT)
Place of publication, distribution, etc Harlow, England ;
-- New York :
Name of publisher, distributor, etc Financial Times/Prentice Hall,
Date of publication, distribution, etc 2009.
300 ## - PHYSICAL DESCRIPTION
Extent xiv, 776 pages :
Other physical details colored illustrations, maps ;
Dimensions 27 cm.
500 ## - GENERAL NOTE
General note Includes bibliographical references and index.
521 ## - TARGET AUDIENCE NOTE
Target audience note Tourism
650 #0 - SUBJECT ADDED ENTRY--TOPICAL TERM
Topical term or geographic name as entry element Tourism.
650 #0 - SUBJECT ADDED ENTRY--TOPICAL TERM
Topical term or geographic name as entry element Tourism
General subdivision Marketing.
700 1# - ADDED ENTRY--PERSONAL NAME
Personal name Humphreys, Claire.
700 1# - ADDED ENTRY--PERSONAL NAME
Personal name Davidson, Rob,
Dates associated with a name 1955-
906 ## - LOCAL DATA ELEMENT F, LDF (RLIN)
a 7
b cbc
c orignew
d 1
e ecip
f 20
g y-gencatlg
942 ## - ADDED ENTRY ELEMENTS (KOHA)
Source of classification or shelving scheme Library of Congress Classification
Koha item type Books
Call number prefix Foreign
Holdings
Withdrawn status Lost status Source of classification or shelving scheme Damaged status Home library Current library Shelving location Date acquired Source of acquisition Total Checkouts Total Renewals Full call number Barcode Date last seen Date checked out Price effective from Koha item type
    Library of Congress Classification   College Library College Library General Circulation Section 11/20/2014 Library Fund 1 7 G 155.A1 .H647 2009 C18975 05/15/2018 11/10/2015 11/20/2014 Books

The business of tourism /

APA

Holloway J. C., Humphreys C. & Davidson R. (2009). The business of tourism. Harlow, England: Financial Times/Prentice Hall.

Chicago

Holloway J Christopher, Humphreys Claire and Davidson Rob. 2009. The business of tourism. Harlow, England: Financial Times/Prentice Hall.

Harvard

Holloway J. C., Humphreys C. and Davidson R. (2009). The business of tourism. Harlow, England: Financial Times/Prentice Hall.

MLA

Holloway J Christopher, Humphreys Claire and Davidson Rob. The business of tourism. Harlow, England: Financial Times/Prentice Hall. 2009.

  • Place hold
  • Print
  • Cite
  • Add to your cart (remove)
  • Save record
    BIBTEX Dublin Core MARCXML MARC (non-Unicode/MARC-8) MARC (Unicode/UTF-8) MARC (Unicode/UTF-8, Standard) MODS (XML) RIS
  • More searches
    Search for this title in:
    Other Libraries (WorldCat) Other Databases (Google Scholar) Online Stores (Bookfinder.com) Open Library (openlibrary.org)

Exporting to Dublin Core...

SOUTHVILLE LIBRARY

Southville International School and Colleges Library

1281 Tropical Ave. Cor. Luxembourg St., BF Homes International, Las Pinas City

Tel. No. 8256374 / 252358 Loc. 117/146

Powered by Koha